000 00417nam a2200169 i 4500
001 33133
003 ES-MaACL
005 20230906154713.0
007 t|
008 030201s1934 fr ||||1| fre d
100 1 _aBernard, Marc.
_928250
245 1 0 _aAnny /
_cMarc Bernard.
250 _a4eme ed.
260 _aParis :
_b[s.n.,
_c1934] (
_fPaul Dupont)
300 _a255 p. ;
_c19 cm.
852 _aES-MaACL
_jA-2999
999 _c33133
_d33133